| 000 | 01969cam a2200433 a 4500 | ||
|---|---|---|---|
| 001 | 3469653 | ||
| 003 | ARRUPE | ||
| 005 | 20140117132928.0 | ||
| 007 | cr_||||||||||| | ||
| 008 | 930625s1994 nyua j b 001 0 eng | ||
| 010 | _a 93028226 | ||
| 020 | _a0585295115 (electronic bk.) | ||
| 020 | _a0471308137 (acidfree paper) | ||
| 020 | _a0471308129 (paper : acidfree paper) | ||
| 040 |
_aDLC _cDLC _dDLC |
||
| 042 | _alcac | ||
| 050 | 0 | 0 |
_aQE862.D5 _bV36 1994 |
| 082 | 0 | 0 |
_a567.9/1/078 _220 |
| 100 | 1 |
_aVanCleave, Janice Pratt. _96691 |
|
| 245 | 1 | 0 |
_aJanice VanCleave's dinosaurs for every kid : _beasy activities that make learning science fun. |
| 260 |
_aNew York : _bWiley & Sons, _cc1994. |
||
| 300 |
_avii, 230 p. : _bill. ; _c24 cm. |
||
| 490 | 1 | _aScience for every kid series | |
| 504 | _aIncludes bibliographical references (p. 225-228) and index. | ||
| 530 | _aAlso available as an electronic book via the World Wide Web to institutions affiliated with netLibrary, Inc. | ||
| 650 | 0 |
_aDinosaurs _xExperiments _xJuvenile literature. _96692 |
|
| 650 | 0 |
_aScience projects _xJuvenile literature. _96693 |
|
| 650 | 1 |
_aDinosaurs. _96694 |
|
| 650 | 1 |
_aScience projects. _96695 |
|
| 740 | 0 | _aDinosaurs for every kid. | |
| 800 | 1 |
_aVanCleave, Janice Pratt. _tJanice VanCleave science for every kid series. _96696 |
|
| 856 | 4 | 2 |
_3Contributor biographical information _uhttp://www.loc.gov/catdir/bios/wiley043/93028226.html |
| 856 | 4 | 1 | _uhttp://www.netLibrary.com/urlapi.asp?action=summary&v=1&bookid=26245 |
| 856 | 4 | 2 |
_3Publisher description _uhttp://www.loc.gov/catdir/description/wiley035/93028226.html |
| 856 | 4 |
_3Table of Contents _uhttp://www.loc.gov/catdir/toc/onix03/93028226.html |
|
| 906 |
_a7 _bcbc _corignew _d1 _eocip _f19 _gy-gencatlg |
||
| 942 |
_2lcc _cMONOGRAPH |
||
| 999 |
_c119580 _d119580 |
||